| 000 | 00561nam a22001697a 4500 | ||
|---|---|---|---|
| 999 |
_c11776 _d11776 |
||
| 008 | 181221b ||||| |||| 00| 0 eng d | ||
| 020 | _a971-550-328-4 | ||
| 082 |
_21999 _aDFil 899.2104 _bN14 |
||
| 100 |
_aNakpil, Carmen Guerrero _933558 |
||
| 245 |
_aThe Meaning of SantaCruzan/ _cCarmen Guerrero |
||
| 260 |
_aQuezon City: _bAteneo de Manila University Press _cc1999. |
||
| 300 |
_aPage 78-83; _c23 cm. |
||
| 500 | _aWoman Enough and Other Essays | ||
| 650 |
_aPhilippine Essays (English) _933559 |
||
| 650 |
_aWomen in literature _920032 |
||
| 942 |
_2ddc _cDFIL |
||